000 00309nam a2200133Ia 4500
008 100328s9999 xx 000 0 und d
082 _b55634
100 _aWeale Anne
245 _aSleepless Nights
260 _bMills & Boons
630 _aSleepless Nights
730 _aSleepless Nights
942 _cBOOK
999 _c542277
_d542274